Formel 1 Fahrer nach Team 2025 - Statistiken

Allgemein
  • Dieses Quiz wurde 965 mal gespielt
    790 seit der letzten Aktualisierung
  • Das Durchschnittsergebnis liegt bei 15 aus 20
Antwortstatistiken
Team Fahrer % Korrekt
McLaren Lando Norris
99%
McLaren Oscar Piastri
96%
Mercedes Kimi Antonelli
92%
Ferrari Lewis Hamilton
89%
Ferrari Charles Leclerc
87%
Red Bull Racing Max Verstappen
85%
Red Bull Racing Yuki Tsunoda
82%
Aston Martin Fernando Alonso
80%
Mercedes George Russell
79%
Aston Martin Lance Stroll
75%
Kick Sauber Nico Hülkenberg
75%
Williams Carlos Sainz
74%
Haas Oliver Bearman
71%
Williams Alexander Albon
70%
Haas Esteban Ocon
69%
Racing Bulls Liam Lawson
66%
Racing Bulls Isack Hadjar
65%
Kick Sauber Gabriel Bortoleto
64%
Alpine Pierre Gasly
62%
Alpine Franco Colapinto
51%
Keine übereinstimmenden Quizze gefunden
Verteilung der Resultate
Anzahl Personen mit jedem Resultat
Perzentil nach korrekt beantworteten Fragen
Ihre Resultats-Entwicklung
Sie haben dieses Quiz seit der letzten Aktualisierung nicht gespielt